| 000 | 00547nam a22001937a 4500 | ||
|---|---|---|---|
| 999 |
_c525603 _d525603 |
||
| 003 | NUST | ||
| 005 | 20190703070307.0 | ||
| 008 | 190703b ||||| |||| 00| 0 eng d | ||
| 038 | _aMr. Zahoor | ||
| 082 | _a510 | ||
| 100 |
_aShafiq, Saba _916516 |
||
| 245 |
_aEffective order of Partitioned Runge- Kutta Methods / _cSaba Shafiq |
||
| 260 |
_aIslamabad : _bSNS - NUST, _c2018. |
||
| 300 |
_a58 p. : ill. ; _c30cm. |
||
| 500 | _aHardcover. | ||
| 650 |
_aMathematics - Ms Thesis _916139 |
||
| 700 |
_aDr. Yousaf Habib _916140 |
||
| 942 |
_2ddc _cTHE |
||